Statistics for Where is this city?

Click here to take the quiz!

General Stats

  • This quiz has been taken 3,195 times
  • The average score is 12 of 15

Answer Stats

CityCountry% Correct
KyotoJapan
97%
LyonFrance
94%
VolgogradRussia
94%
NairobiKenya
90%
WinnipegCanada
89%
PretoriaSouth Africa
88%
RigaLatvia
84%
ManilaPhilippines
80%
ChennaiIndia
77%
KarachiPakistan
77%
LvivUkraine
76%
DubrovnikCroatia
72%
HobartAustralia
71%
AstanaKazakhstan
56%
BusanSouth Korea
56%

Score Distribution

Percentile by Number Answered

Percent of People with Each Score

Your Score History

You have not taken this quiz